000 00421nam a2200181Ia 4500
001 18983
005 20260306171710.0
008 260306s9999||||xx |||||||||||||| ||und||
041 _aESP
082 _a658.7
_bP26
100 _aParra Guerrero, Francisca
_eAUT
245 0 _aGestión de stocks
260 _c1999
300 _a217 páginas :
_c24 cm.
650 _aGEN
654 _aCAN
942 _cLIB
_dJUS
_fJUS
_2ddc
_n
999 _c18983
_d18983